=LDR 00000nam 2200000 4500 =001 INLIS000000000044296 =005 20131008105612 =008 ***********************************Ind** =035 ##$$0010-101300000002218 =041 ##$$a Ind =082 ##$$a 004.078 =090 ##$$a 004.078, Wan m =100 ##$$a Warjana =245 ##$$a Mudan dan Gampang Menggunakan Yahoo Messenger, Warjana =260 ##$$a 2009 $b Surabaya =300 ##$$a 203 hlm., ilus, 21 cm =650 ##$$a Komputer =850 ##$$a NBPNMAT